| 000 | 00860nam a22002057a 4500 | ||
|---|---|---|---|
| 999 |
_c62464 _d62464 |
||
| 003 | Ge_BSU | ||
| 005 | 20241114102510.0 | ||
| 008 | 241114s1960 ge ||||| |||| 00| 0 geo d | ||
| 041 | _ageo | ||
| 080 | _a617.55 ბ-89 | ||
| 100 |
_aბოჭორიშვილი, გ. _911552 |
||
| 245 |
_aმუცლის ღრუს გადაუდებელი ქირურგია / _cგ. ბოჭორიშვილი. |
||
| 264 |
_aთბილისი: _bსაბჭ. საქართველო, _c1960. |
||
| 300 |
_a195 გვ. ; _b20 სმ. |
||
| 440 |
_aექიმის ბიბლიოთეკა _916309 |
||
| 504 | _aბიბლიოგრ: გვ. 192-193. | ||
| 653 | _aმუცლის ღრუს გადაუდებელი ქირურგია. | ||
| 653 | _aმედიცინა | ||
| 942 |
_2udc _cBK |
||